Southville International School and Colleges
Your cart is empty.
  • Cart
  • Lists
    Public lists Eva Luna New books Lux_list list_1
    Your lists Log in to create your own lists
  • Log in to your account
  • Your cookies
  • Search history
Southville International School and Colleges
  • Advanced search
  • Recent comments
  • Most popular
  • Libraries

Log in to your account

Log in with GOOGLE


If you do not have an external account, but do have a local account, you can still log in:

  1. Home
  2. MARC view: Institutions and icons of patronage
Normal view MARC view ISBD view

Institutions and icons of patronage (Record no. 18849)

[ view plain ]
MARC details
000 -LEADER
fixed length control field 00952nam a22003135a 4500
001 - CONTROL NUMBER
control field 17268393
003 - CONTROL NUMBER IDENTIFIER
control field OSt
005 - DATE AND TIME OF LATEST TRANSACTION
control field 20140310183111.0
008 - FIXED-LENGTH DATA ELEMENTS--GENERAL INFORMATION
fixed length control field 120423s2012 ph b 000 0 eng
010 ## - LIBRARY OF CONGRESS CONTROL NUMBER
LC control number 2012325156
020 ## - INTERNATIONAL STANDARD BOOK NUMBER
International Standard Book Number 9789715066471
040 ## - CATALOGING SOURCE
Original cataloging agency DLC
Transcribing agency DLC
042 ## - AUTHENTICATION CODE
Authentication code lcode
043 ## - GEOGRAPHIC AREA CODE
Geographic area code a-ph---
050 ## - LIBRARY OF CONGRESS CALL NUMBER
Classification number N 7327
Item number .B198 2012
082 ## - DEWEY DECIMAL CLASSIFICATION NUMBER
Classification number FIL 959.95
Item number .B198 2012
100 1# - MAIN ENTRY--PERSONAL NAME
Personal name Baluyut, Pearlie Rose S.
245 10 - TITLE STATEMENT
Title Institutions and icons of patronage
Remainder of title arts and culture in the Philippines during the Marcos years, 1965-1986
Statement of responsibility, etc Baluyut, Pearlie Rose S.
260 ## - PUBLICATION, DISTRIBUTION, ETC. (IMPRINT)
Place of publication, distribution, etc Manila, Philippines
Name of publisher, distributor, etc UST Pub. House
Date of publication, distribution, etc 2012
300 ## - PHYSICAL DESCRIPTION
Extent xii, 175 p.
Dimensions 23 cm.
504 ## - BIBLIOGRAPHY, ETC. NOTE
Bibliography, etc Includes bibliographical references (p. 162-175).
521 ## - TARGET AUDIENCE NOTE
Target audience note
526 ## - STUDY PROGRAM INFORMATION NOTE
Reading level 1210L-1700L
541 ## - IMMEDIATE SOURCE OF ACQUISITION NOTE
-- 1
562 ## - COPY AND VERSION IDENTIFICATION NOTE
Number of copies 1
906 ## - LOCAL DATA ELEMENT F, LDF (RLIN)
a 7
b par
c origode
d 3
e ncip
f 20
g y-gencatlg
942 ## - ADDED ENTRY ELEMENTS (KOHA)
Source of classification or shelving scheme Library of Congress Classification
Koha item type Books
Call number prefix Filipininana
Holdings
Withdrawn status Lost status Source of classification or shelving scheme Damaged status Home library Current library Shelving location Date acquired Total Checkouts Full call number Barcode Date last seen Copy number Price effective from Koha item type
    Library of Congress Classification   College Library College Library Filipiniana Section 03/23/2013   N 7327 .B198 2012 c16109 05/08/2018 1 03/23/2013 Books

Institutions and icons of patronage

APA

Baluyut P. R. S., . (2012). Institutions and icons of patronage. Manila, Philippines: UST Pub. House.

Chicago

Baluyut Pearlie Rose S, . 2012. Institutions and icons of patronage. Manila, Philippines: UST Pub. House.

Harvard

Baluyut P. R. S., . (2012). Institutions and icons of patronage. Manila, Philippines: UST Pub. House.

MLA

Baluyut Pearlie Rose S, . Institutions and icons of patronage. Manila, Philippines: UST Pub. House. 2012.

  • Place hold
  • Print
  • Cite
  • Add to your cart (remove)
  • Save record
    BIBTEX Dublin Core MARCXML MARC (non-Unicode/MARC-8) MARC (Unicode/UTF-8) MARC (Unicode/UTF-8, Standard) MODS (XML) RIS
  • More searches
    Search for this title in:
    Other Libraries (WorldCat) Other Databases (Google Scholar) Online Stores (Bookfinder.com) Open Library (openlibrary.org)

Exporting to Dublin Core...

SOUTHVILLE LIBRARY

Southville International School and Colleges Library

1281 Tropical Ave. Cor. Luxembourg St., BF Homes International, Las Pinas City

Tel. No. 8256374 / 252358 Loc. 117/146

Powered by Koha